EL CRECIMIENTO DESIGUAL EN CENTROAMERICA: 1950-2000/

Guardat en:
Dades bibliogràfiques
Autor principal: Mayorga Quirós, Román (autor)
Format: Llibre
Matèries:
Etiquetes: Afegir etiqueta
Sense etiquetes, Sigues el primer a etiquetar aquest registre!

MARC

LEADER 00000nam^a2200000^a^4500
001 000224277
005 20250521000000.0
009 20260310104044.759
020 |a 968-12-0238-4 
035 |a 042650 
037 |a Acervo Xavier Clavigero 
082 |a 330. 9728  |b MAY 
100 |a Mayorga Quirós, Román  |e (autor) 
245 1 3 |a EL CRECIMIENTO DESIGUAL EN CENTROAMERICA:  |b 1950-2000/  |c ROMAN MAYORGA QUIROS 
264 |a MEXICO :  |b EL COLEGIO DE MEXICO,  |c 1983 
300 |a 125p. 
336 |a texto  |b txt  |2 rdacontenido 
337 |a sin mediación  |b n  |2 rdamedio 
338 |a volumen  |b nc  |2 rdasoporte 
649 |a XX 
650 |a América Central -  |x Condiciones Económicas 
650 |a Igualdad y Desigualdad -  |z América Central 
910 |a Fondo General 
920 |a Impresos - Libros 
930 |a Colección General 
905 |a 101 
901 |a 042650  |b IT1  |c ACC  |i 042650  |u 20250521 
902 |a https://opac.biblio.iteso.mx/vufind/Record/000224277